USA States & Territories - Statistics

General Stats
  • This quiz has been taken 114 times
  • The average score is 44 of 56
Answer Stats
Answer % Correct
Puerto Rico
91%
Alaska
87%
Guam
86%
Alabama
85%
Hawaii
85%
Arizona
84%
Maine
84%
Oregon
84%
Washington D.C.
84%
California
82%
New York
82%
North Dakota
82%
Vermont
82%
Arkansas
81%
Colorado
81%
Delaware
81%
Florida
81%
Georgia
81%
Mississippi
81%
North Carolina
81%
South Carolina
81%
South Dakota
81%
Texas
81%
Idaho
80%
Illinois
80%
Kansas
80%
Montana
80%
Nevada
80%
New Jersey
80%
Pennsylvania
80%
Rhode Island
80%
Tennessee
80%
Connecticut
78%
Indiana
78%
Maryland
78%
Michigan
78%
Nebraska
78%
New Mexico
78%
Ohio
78%
Oklahoma
78%
Utah
78%
Washington
78%
Louisiana
77%
Missouri
77%
New Hampshire
77%
West Virginia
77%
Kentucky
76%
Massachusetts
76%
Wyoming
76%
Iowa
75%
Minnesota
75%
Virginia
75%
Wisconsin
75%
U.S. Virgin Islands
73%
American Samoa
66%
Northern Mariana Islands
56%
No matching quizzes found
Score Distribution
Percent of People with Each Score
Percentile by Number Answered
Your Score History
You have not taken this quiz